Sports Quiz

Random Sports or State Quiz
Score 0/13 Timer 04:00
1 Play Today
Team City % Correct
Arizona Diamondbacks (MLB)Phoenix, AZ
95.3%
Colorado Avalanche (NHL) & Colorado Rockies (MLB)Denver, CO
91.4%
Utah Jazz (NBA)Salt Lake City, UT
89%
Indiana Pacers (NBA)Indianapolis, IN
87.8%
Minnesota Timberwolves (NBA), Minnesota Twins (MLB), & Minnesota Vikings (NFL) Minneapolis, MN
87.3%
Tennessee Titans (NFL)Nashville, TN
86.5%
Minnesota Wild (NHL)Saint Paul, MN
78.6%
Carolina Panthers (NFL)Charlotte, NC
78.5%
Carolina Hurricanes (NHL)Raleigh, NC
71.5%
Texas Rangers (MLB)Arlington, TX
66.5%
New Jersey Devils (NHL)Newark, NJ
57.8%
Arizona Cardinals (NFL) & Arizona Coyotes (NHL)Glendale, AZ
54.9%
Florida Panthers (NHL)Sunrise, FL
22.3%
Remove Ads.
Support Sporcle.
Get the best of Sporcle when you Go Orange. This ad-free experience offers more features, more stats, and more fun while also helping to support Sporcle. Thank you for becoming a member.

You're not logged in!

Compare scores with friends on all Sporcle quizzes.
OR
Log In

Sporcle TV

Today on Sporcle TV


Watch our educational content, quiz creation guides, and fun videos on Sporcle TV.

Show Comments

Extras

Top Quizzes Today


Score Distribution

Paid Content

Your Account Isn't Verified!

In order to create a playlist on Sporcle, you need to verify the email address you used during registration. Go to your Sporcle Settings to finish the process.

Report this User

Report this user for behavior that violates our Community Guidelines.

Details: